La defference ontologique (Record no. 123473)
[ view plain ]
| 000 -LEADER | |
|---|---|
| fixed length control field | 00464nam a22001457a 4500 |
| 005 - DATE AND TIME OF LATEST TRANSACTION | |
| control field | 20151007104626.0 |
| 008 - FIXED-LENGTH DATA ELEMENTS--GENERAL INFORMATION | |
| fixed length control field | 151007b xxu||||| |||| 00| 0 eng d |
| 050 ## - LIBRARY OF CONGRESS CALL NUMBER | |
| Classification number | B3279.H49 |
| Item number | D679 |
| 100 ## - MAIN ENTRY--PERSONAL NAME | |
| Personal name | Dondeyne, Albert |
| 9 (RLIN) | 20135 |
| 245 ## - TITLE STATEMENT | |
| Title | La defference ontologique |
| Statement of responsibility, etc | by Dondeyne, Albert |
| 260 ## - PUBLICATION, DISTRIBUTION, ETC. (IMPRINT) | |
| Place of publication, distribution, etc | Louvain |
| Name of publisher, distributor, etc | Unversite Catholique de Louvain |
| Date of publication, distribution, etc | no date |
| 300 ## - PHYSICAL DESCRIPTION | |
| Extent | 71p.; |
| Dimensions | 21cm. |
| 440 ## - SERIES STATEMENT/ADDED ENTRY--TITLE | |
| Title | Institut Seperieur de philosophie |
| 9 (RLIN) | 20136 |
| 942 ## - ADDED ENTRY ELEMENTS (KOHA) | |
| Source of classification or shelving scheme | Library of Congress Classification |
| Item type | Monograph ( Printed materials) |
| Withdrawn status | Lost status | Source of classification or shelving scheme | Damaged status | Not for loan | Collection code | Home library | Current library | Shelving location | Date acquired | Total Checkouts | Full call number | Barcode | Date last seen | Price effective from | Koha item type |
|---|---|---|---|---|---|---|---|---|---|---|---|---|---|---|---|
| Library of Congress Classification | Main Collection | ARRUPE LIBRARY | ARRUPE LIBRARY | Main Collection | 07/10/2015 | B3279.H49D679 | 46500005548 | 07/10/2015 | 07/10/2015 | Monograph ( Printed materials) |